| 000 | 00899cab a2200241 4500 | ||
|---|---|---|---|
| 001 | WB2817-11 | ||
| 008 | 090401t1992 xxu||||| |||| 00| 0 eng d | ||
| 035 | _a(Sirsi) u48176 | ||
| 041 | _aeng | ||
| 245 | _aHealth amid the walking wounded | ||
| 260 | _c1992 | ||
| 350 | _a0 | ||
| 490 |
_aFinancial Times _v21 April 1992, 36(2) |
||
| 520 | _aSome property companies are surviving the recession well, eight have share price increases of over 15%. They are characterised by management capable of reading the market successfully, a diverse portfolio, and finances free from borrowing. | ||
| 650 | _aBURFORD HOLDINGS | ||
| 650 | _aCAPITAL AND REGIONAL PROPERTIES | ||
| 650 | _aFROGMORE ESTATES | ||
| 650 | _aPROPERTY COMPANIES | ||
| 650 | _aTOWN CENTRE SECURITIES | ||
| 690 | _aPROPERTY-COMMERCIAL PROPERTY-COMMERCIAL PROPERTY FINANCE AND INVESTMENT | ||
| 942 | _n0 | ||
| 948 | _c04/03/1997 | ||
| 999 |
_c30272 _d30272 |
||